Visualizzazione normale
Vista MARC
- Smietana Jaroslaw
di Personal Name
Records bibliografici associati: 1
001 - CONTROL NUMBER
- control field: 24503
003 - CONTROL NUMBER IDENTIFIER
- control field: IT-RoPau
005 - DATE AND TIME OF LATEST TRANSACTION
- control field: 20140511114740.0
008 - FIXED-LENGTH DATA ELEMENTS
- fixed length control field: 140511|| aca||aabn | a|a d
040 ## - CATALOGING SOURCE
- Original cataloging agency: IT-RoPau
- Transcribing agency: IT-RoPau
100 ## - HEADING--PERSONAL NAME
- Personal name: Smietana Jaroslaw
- Relator term: Autore testo e musica
- Miscellaneous information: Codice autore testo/musica SPICS: 25117
670 ## - SOURCE DATA FOUND
- Source citation: Work cat.: (IT-RoPau)102088: Smietana Jaroslaw 24499, Sounds & Colours-Polish jazz (Lp Sx 2537)